000 00339nam a22001457a 4500
003 SGT
020 _a938426607-8
082 _a302.2
_bPAW
100 _aPAWAR, DR. SUNIL P.
245 _aCOMMUNICATING & SOFT SKILLS
260 _aINDIA
_bBIRLA PUB.
_c2025
300 _a220
650 _aCOMMUNICATING & SOFT SKILLS
942 _2ddc
_cBK
999 _c32961
_d32961